000 00451nam a2200181Ia 4500
001 10869
005 20260306161904.0
008 260306t2007||||xx |||||||||||||| ||spa||
041 _aESP
082 _a980
_bH59 V. 2
100 _aPease, Franklin
_eAUT
245 0 _aEl primer contacto y la formación de nuevas sociedades
260 _c2007
300 _a556 páginas :
_c25 cm.
650 _aGEN
654 _aCHU
942 _cLIB
_dJUS
_fJUS
_2ddc
_n
999 _c10869
_d10869